000 00319nam a22001337a 4500
008 170606b xxu||||| |||| 00| 0 eng d
020 _a9780684803616
041 _aeng
080 _a94
100 _a18
101 _aSHH
245 _aMILLENIUM A HISTORY OF THE LAST THOUSAND TEARS
_cARMESRO,F
942 _2udc
_cBK
999 _c16086
_d16086